| 000 | 01100nam a2200181 i 4500 | ||
|---|---|---|---|
| 001 | 153479 | ||
| 003 | ES-MaACL | ||
| 005 | 20230906205236.0 | ||
| 008 | 971020m18561858fr |||| | fre d | ||
| 040 |
_aCYL _bspa _cCYL |
||
| 245 | 0 | 0 |
_aDictionnaire des apocryphes _b: ou Collection de tous les livres apocryphes relatifs a l'Ancien et au Nouveau Testament / _ctraduits en français, pour la première fois sur les textes originaux [par F. Tempestini] ; enrichie de préfaces, dissertations critiques, notes historiques ... ; publiée par M. l'Abbé Migne ... |
| 260 |
_aParis : _bchez J.-P. Migne, _c1856-1858 ( _fImprimerie Migne) |
||
| 300 |
_a2 v.(LXXI p., 1296 col. ; 11 p., 1324 col.) ; _c29 cm. |
||
| 490 | 1 |
_aEncyclopédie théologique ou Troisiéme et dernière serie de dictionnaires sur toutes les parties de la science religieuse ; _v23-24 |
|
| 830 | 0 |
_aEncyclopédie théologique ou Troisiéme et dernière serie de dictionnaires sur toutes les parties de la science religieuse ; _v23-24 _9221410 |
|
| 852 |
_aES-MaACL _jB-11268 _z-- Enc. hol. _q-- Solo T.I |
||
| 999 |
_c153479 _d153479 |
||